[Event "Torneo Benidorm Gran Hotel Bali 2022"]
[Site "Benidorm, Spain"]
[Date "2022.12.08"]
[Round "7.8"]
[White "Feal Albala, Alonso"]
[Black "Remolar Gallen, Jose"]
[Result "0-1"]
[WhiteElo "1935"]
[BlackElo "2305"]
[PlyCount "64"]
[EventDate "2022.12.03"]
[EventType "swiss"]
[EventRounds "9"]
[SourceTitle "Ajedrez en Madrid"]
[Source "lmi"]
[SourceDate "2022.12.03"]
[SourceVersion "1"]
[SourceVersionDate "2022.12.10"]
[SourceQuality "1"]
[TimeControl "90+30"]
[WhiteClock "0:23:10"]
[BlackClock "0:11:22"]

1. e4 {[%emt 0:00:00]} c5 {[%emt 0:00:00]} 2. Nf3 {[%emt 0:00:00]} d6 {[%emt 0:00:00]} 3. d4 {[%emt 0:00:00]} cxd4 {[%emt 0:00:00]} 4. Nxd4 {[%emt 0:00:00]} Nf6 {[%emt 0:00:00]} 5. Nc3 {[%emt 0:00:00]} a6 {[%emt 0:00:00]} 6. Be2 {[%emt 0:00:00]} e5 {[%emt 0:00:00]} 7. Nb3 {[%emt 0:00:00]} Be7 {[%emt 0:00:00]} 8. Be3 {[%emt 0:00:00]} Be6 {[%emt 0:00:00]} 9. Nd5 {[%emt 0:00:00]} Nbd7 {[%emt 0:00:00]} 10. Nxe7 {[%emt 0:00:00]} Qxe7 {[%emt 0:00:00]} 11. Bf3 {[%emt 0:00:00]} O-O {[%emt 0:00:00]} 12. O-O {[%emt 0:00:00]} a5 {[%emt 0:00:00]} 13. Qd2 {[%emt 0:00:00]} b6 {[%emt 0:00:00]} 14. Rad1 {[%emt 0:00:00]} Rfc8 {[%emt 0:00:00]} 15. c3 {[%emt 0:00:00]} Rc6 {[%emt 0:00:00]} 16. h3 {[%emt 0:00:00]} h6 {[%emt 0:00:00]} 17. Kh2 {[%emt 0:00:00]} Nf8 {[%emt 0:00:00]} 18. g4 {[%emt 0:00:00]} g5 {[%emt 0:00:00]} 19. Nc1 {[%emt 0:00:00]} Ng6 {[%emt 0:00:00]} 20. Ne2 {[%emt 0:00:00]} Nh4 {[%emt 0:00:00]} 21. Bh1 {[%emt 0:00:00]} Bxa2 {[%emt 0:00:00]} 22. Ng3 {[%emt 0:00:00]} Bb3 {[%emt 0:00:00]} 23. Rde1 {[%emt 0:00:00]} Rd8 {[%emt 0:00:00]} 24. Bxg5 {[%emt 0:00:00]} Nxg4+ {[%emt 0:00:00]} 25. hxg4 {[%emt 0:00:00]} hxg5 {[%emt 0:00:00]} 26. Nf5 {[%emt 0:00:00]} Nxf5 {[%emt 0:00:00]} 27. gxf5 {[%emt 0:00:00]} d5 {[%emt 0:00:55]} 28. f6 {[%emt 0:00:00]} Rxf6 {[%emt 0:02:11]} 29. Qxg5+ {[%emt 0:00:00]} Kh7 {[%emt 0:00:38]} 30. Re3 {[%emt 0:00:00]} Rxf2+ {[%emt 0:00:57]} 31. Rxf2 {[%emt 0:00:00]} Qxg5 {[%emt 0:00:02]} 32. Rxf7+ {[%emt 0:00:00]} Kg6 {[%emt 0:01:25]} 0-1

[Event "Torneo Benidorm Gran Hotel Bali 2022"]
[Site "Benidorm, Spain"]
[Date "2022.12.08"]
[Round "7.9"]
[White "Salgado Lopez, Oscar"]
[Black "Perez Pacheco, Ricardo"]
[Result "1-0"]
[WhiteElo "2070"]
[BlackElo "2169"]
[PlyCount "95"]
[EventDate "2022.12.03"]
[EventType "swiss"]
[EventRounds "9"]
[SourceTitle "Ajedrez en Madrid"]
[Source "lmi"]
[SourceDate "2022.12.03"]
[SourceVersion "1"]
[SourceVersionDate "2022.12.10"]
[SourceQuality "1"]
[TimeControl "90+30"]
[WhiteClock "0:04:39"]

1. d4 {[%emt 0:00:00]} d5 {[%emt 0:00:00]} 2. c4 {[%emt 0:00:00]} e6 {[%emt 0:00:00]} 3. Nc3 {[%emt 0:00:00]} a6 {[%emt 0:00:00]} 4. cxd5 {[%emt 0:00:00]} exd5 {[%emt 0:00:00]} 5. Bf4 {[%emt 0:00:00]} Nf6 {[%emt 0:00:00]} 6. e3 {[%emt 0:00:00]} Be6 {[%emt 0:00:00]} 7. Bd3 {[%emt 0:00:00]} Bd6 {[%emt 0:00:00]} 8. Bg3 {[%emt 0:00:00]} O-O {[%emt 0:00:00]} 9. Nf3 {[%emt 0:00:00]} h6 {[%emt 0:00:00]} 10. Rc1 {[%emt 0:00:00]} Nbd7 {[%emt 0:00:00]} 11. Bxd6 {[%emt 0:00:00]} cxd6 {[%emt 0:00:00]} 12. h3 {[%emt 0:00:00]} b5 {[%emt 0:00:00]} 13. O-O {[%emt 0:00:00]} Nb6 {[%emt 0:00:00]} 14. b3 {[%emt 0:00:00]} b4 {[%emt 0:00:00]} 15. Ne2 {[%emt 0:00:00]} Ne4 {[%emt 0:00:00]} 16. Nd2 {[%emt 0:00:00]} f5 {[%emt 0:00:00]} 17. f3 {[%emt 0:00:00]} Nf6 {[%emt 0:00:00]} 18. Re1 {[%emt 0:00:00]} Nh5 {[%emt 0:00:00]} 19. Nf1 {[%emt 0:00:00]} Qd7 {[%emt 0:00:00]} 20. Qd2 {[%emt 0:00:00]} a5 {[%emt 0:00:00]} 21. Rc2 {[%emt 0:00:00]} Rac8 {[%emt 0:00:00]} 22. Rec1 {[%emt 0:00:00]} Rxc2 {[%emt 0:00:00]} 23. Rxc2 {[%emt 0:00:00]} Rc8 {[%emt 0:00:00]} 24. Nfg3 {[%emt 0:00:00]} Nxg3 {[%emt 0:00:00]} 25. Nxg3 {[%emt 0:00:00]} Rxc2 {[%emt 0:00:00]} 26. Qxc2 {[%emt 0:00:00]} g6 {[%emt 0:00:00]} 27. Ne2 {[%emt 0:00:00]} Qc8 {[%emt 0:00:56]} 28. Qd2 {[%emt 0:00:00]} Kg7 {[%emt 0:00:47]} 29. Qe1 {[%emt 0:00:00]} Qd8 {[%emt 0:01:23]} 30. Qg3 {[%emt 0:00:00]} Qe7 {[%emt 0:07:09]} 31. Kf2 {[%emt 0:00:00]} Nd7 {[%emt 0:02:30]} 32. Nf4 {[%emt 0:01:53]} Nf8 {[%emt 0:00:21]} 33. h4 {[%emt 0:00:30]} Kf7 {[%emt 0:00:53]} 34. Qh3 {[%emt 0:02:06]} Qf6 {[%emt 0:01:25]} 35. Qh1 {[%emt 0:01:23]} Qd8 {[%emt 0:00:43]} 36. g3 {[%emt 0:05:02]} Qc8 {[%emt 0:00:26]} 37. Ne2 {[%emt 0:00:36]} Kg7 {[%emt 0:01:43]} 38. Qe1 {[%emt 0:00:18]} Nd7 {[%emt 0:00:47]} 39. a3 {[%emt 0:02:39]} Qb7 {[%emt 0:00:35]} 40. axb4 {[%emt 0:00:13]} axb4 {[%emt 0:00:26]} 41. Qc1 {[%emt 0:00:13]} Nb8 {[%emt 0:01:04]} 42. Qb1 {[%emt 0:01:30]} h5 {[%emt 0:00:37]} 43. Qa1 {[%emt 0:00:13]} Nc6 {[%emt 0:00:43]} 44. Qa4 {[%emt 0:00:34]} Bd7 {[%emt 0:00:28]} 45. Qa1 {[%emt 0:01:35]} Na7 {[%emt 0:00:32]} 46. Nf4 {[%emt 0:01:03]} Bb5 {[%emt 0:00:30]} 47. Qa5 {[%emt 0:00:33]} Bc6 {[%emt 0:01:02]} 48. Qd8 {[%emt 0:00:28]} 1-0

[Event "Torneo Benidorm Gran Hotel Bali 2022"]
[Site "Benidorm, Spain"]
[Date "2022.12.08"]
[Round "7.10"]
[White "Rodriguez Redondo, Adhara"]
[Black "Tscharotschkin, Michael"]
[Result "1-0"]
[WhiteElo "2057"]
[BlackElo "2137"]
[PlyCount "129"]
[EventDate "2022.12.03"]
[EventType "swiss"]
[EventRounds "9"]
[SourceTitle "Ajedrez en Madrid"]
[Source "lmi"]
[SourceDate "2022.12.03"]
[SourceVersion "1"]
[SourceVersionDate "2022.12.10"]
[SourceQuality "1"]
[TimeControl "90+30"]
[WhiteClock "0:01:53"]
[BlackClock "0:05:59"]

1. e4 {[%emt 0:00:00]} e6 {[%emt 0:00:00]} 2. d4 {[%emt 0:00:00]} d5 {[%emt 0:00:00]} 3. exd5 {[%emt 0:00:00]} exd5 {[%emt 0:00:00]} 4. Nf3 {[%emt 0:00:00]} Nf6 {[%emt 0:00:00]} 5. Bd3 {[%emt 0:00:00]} Be7 {[%emt 0:00:00]} 6. O-O {[%emt 0:00:00]} O-O {[%emt 0:00:00]} 7. h3 {[%emt 0:00:00]} Re8 {[%emt 0:00:00]} 8. Bf4 {[%emt 0:00:00]} Nbd7 {[%emt 0:00:00]} 9. Nbd2 {[%emt 0:00:00]} Nf8 {[%emt 0:00:00]} 10. Ne5 {[%emt 0:00:00]} Ng6 {[%emt 0:00:00]} 11. Bg3 {[%emt 0:00:00]} Nxe5 {[%emt 0:00:00]} 12. dxe5 {[%emt 0:00:00]} Nd7 {[%emt 0:00:00]} 13. c3 {[%emt 0:00:00]} g6 {[%emt 0:00:00]} 14. Nf3 {[%emt 0:00:00]} Nc5 {[%emt 0:00:00]} 15. Bc2 {[%emt 0:00:00]} Ne6 {[%emt 0:00:00]} 16. Qd2 {[%emt 0:00:00]} c6 {[%emt 0:00:00]} 17. Rad1 {[%emt 0:00:00]} Qb6 {[%emt 0:00:00]} 18. b3 {[%emt 0:00:00]} Ng7 {[%emt 0:00:00]} 19. Bf4 {[%emt 0:00:00]} Bf5 {[%emt 0:00:00]} 20. Bxf5 {[%emt 0:00:00]} Nxf5 {[%emt 0:00:00]} 21. Bg5 {[%emt 0:00:00]} Bxg5 {[%emt 0:00:00]} 22. Qxg5 {[%emt 0:00:00]} Qd8 {[%emt 0:00:00]} 23. Qf4 {[%emt 0:00:00]} Qe7 {[%emt 0:00:00]} 24. Rfe1 {[%emt 0:00:00]} Ng7 {[%emt 0:00:00]} 25. Nh2 {[%emt 0:00:00]} Nh5 {[%emt 0:00:00]} 26. Qf3 {[%emt 0:00:00]} Qg5 {[%emt 0:00:00]} 27. Ng4 {[%emt 0:00:00]} Re6 {[%emt 0:00:00]} 28. h4 {[%emt 0:00:00]} Qe7 {[%emt 0:00:00]} 29. Nh6+ {[%emt 0:07:36]} Kg7 {[%emt 0:00:00]} 30. Qxh5 {[%emt 0:02:06]} gxh5 {[%emt 0:00:00]} 31. Nf5+ {[%emt 0:00:04]} Kg6 {[%emt 0:00:00]} 32. Nxe7+ {[%emt 0:00:02]} Rxe7 {[%emt 0:00:00]} 33. Re3 {[%emt 0:02:38]} h6 {[%emt 0:00:00]} 34. c4 {[%emt 0:01:43]} Rae8 {[%emt 0:01:14]} 35. cxd5 {[%emt 0:00:36]} Rxe5 {[%emt 0:03:24]} 36. Rxe5 {[%emt 0:00:10]} Rxe5 {[%emt 0:00:07]} 37. dxc6 {[%emt 0:00:38]} bxc6 {[%emt 0:01:05]} 38. Rd6+ {[%emt 0:01:14]} Re6 {[%emt 0:00:10]} 39. Rd7 {[%emt 0:00:33]} a5 {[%emt 0:00:57]} 40. g3 {[%emt 0:00:43]} Re2 {[%emt 0:01:21]} 41. a4 {[%emt 0:00:14]} Rc2 {[%emt 0:00:21]} 42. Ra7 {[%emt 0:01:06]} Rc5 {[%emt 0:01:34]} 43. Kf1 {[%emt 0:00:25]} f6 {[%emt 0:00:24]} 44. Ke2 {[%emt 0:00:26]} Rc2+ {[%emt 0:00:45]} 45. Ke1 {[%emt 0:02:46]} Rb2 {[%emt 0:00:40]} 46. Rxa5 {[%emt 0:00:33]} Rxb3 {[%emt 0:00:07]} 47. Rc5 {[%emt 0:00:13]} Ra3 {[%emt 0:00:24]} 48. a5 {[%emt 0:00:42]} Ra2 {[%emt 0:00:07]} 49. Kf1 {[%emt 0:00:23]} Ra4 {[%emt 0:01:15]} 50. Ke2 {[%emt 0:00:14]} Ra3 {[%emt 0:00:12]} 51. Kd2 {[%emt 0:00:41]} Ra2+ {[%emt 0:00:17]} 52. Ke3 {[%emt 0:00:08]} Ra3+ {[%emt 0:00:29]} 53. Kd4 {[%emt 0:01:01]} Ra4+ {[%emt 0:02:00]} 54. Kc3 {[%emt 0:00:33]} Ra2 {[%emt 0:00:59]} 55. Kb4 {[%emt 0:00:48]} Rxf2 {[%emt 0:04:30]} 56. Rxc6 {[%emt 0:00:21]} Rb2+ {[%emt 0:01:06]} 57. Ka3 {[%emt 0:00:25]} Rb1 {[%emt 0:00:41]} 58. Rb6 {[%emt 0:00:43]} Ra1+ {[%emt 0:00:13]} 59. Kb4 {[%emt 0:00:03]} Kf5 {[%emt 0:00:26]} 60. Rc6 {[%emt 0:00:54]} Kg4 {[%emt 0:00:17]} 61. Rc3 {[%emt 0:00:11]} Rb1+ {[%emt 0:00:46]} 62. Rb3 {[%emt 0:00:44]} Ra1 {[%emt 0:00:43]} 63. Ra3 {[%emt 0:00:11]} Rb1+ {[%emt 0:00:05]} 64. Kc5 {[%emt 0:00:09]} Rc1+ {[%emt 0:00:52]} 65. Kd6 {[%emt 0:00:10]} 1-0

[Event "Torneo Benidorm Gran Hotel Bali 2022"]
[Site "Benidorm, Spain"]
[Date "2022.12.08"]
[Round "7.11"]
[White "Centeno Mendoza, Julio Stefano"]
[Black "Pastor Villalba, Arturo"]
[Result "1-0"]
[WhiteElo "2099"]
[BlackElo "1789"]
[PlyCount "87"]
[EventDate "2022.12.03"]
[EventType "swiss"]
[EventRounds "9"]
[SourceTitle "Ajedrez en Madrid"]
[Source "lmi"]
[SourceDate "2022.12.03"]
[SourceVersion "1"]
[SourceVersionDate "2022.12.10"]
[SourceQuality "1"]
[TimeControl "90+30"]
[WhiteClock "0:10:00"]
[BlackClock "0:16:01"]

1. e4 {[%emt 0:00:00]} d6 {[%emt 0:00:00]} 2. d4 {[%emt 0:00:00]} Nf6 {[%emt 0:00:00]} 3. Nc3 {[%emt 0:00:00]} e5 {[%emt 0:00:00]} 4. Nf3 {[%emt 0:00:00]} Nbd7 {[%emt 0:00:00]} 5. Bc4 {[%emt 0:00:00]} Be7 {[%emt 0:00:00]} 6. O-O {[%emt 0:00:00]} O-O {[%emt 0:00:00]} 7. Qe2 {[%emt 0:00:00]} c6 {[%emt 0:00:00]} 8. a4 {[%emt 0:00:00]} Qc7 {[%emt 0:00:00]} 9. Rd1 {[%emt 0:00:00]} h6 {[%emt 0:00:00]} 10. h3 {[%emt 0:00:00]} Re8 {[%emt 0:00:00]} 11. Ba2 {[%emt 0:00:00]} Nf8 {[%emt 0:00:00]} 12. Kh2 {[%emt 0:00:00]} Ne6 {[%emt 0:00:00]} 13. g3 {[%emt 0:00:00]} exd4 {[%emt 0:00:00]} 14. Nxd4 {[%emt 0:00:00]} Bf8 {[%emt 0:00:00]} 15. Nxe6 {[%emt 0:00:00]} Bxe6 {[%emt 0:00:00]} 16. Qd3 {[%emt 0:00:00]} Bxa2 {[%emt 0:00:00]} 17. Rxa2 {[%emt 0:00:00]} Nd7 {[%emt 0:00:00]} 18. Be3 {[%emt 0:00:00]} Re6 {[%emt 0:00:00]} 19. b3 {[%emt 0:00:00]} Ne5 {[%emt 0:00:00]} 20. Qe2 {[%emt 0:00:00]} Qa5 {[%emt 0:00:00]} 21. Bd4 {[%emt 0:00:00]} Nd7 {[%emt 0:00:00]} 22. Qd2 {[%emt 0:00:00]} Nc5 {[%emt 0:00:00]} 23. f3 {[%emt 0:00:00]} Nd7 {[%emt 0:00:00]} 24. Ne2 {[%emt 0:00:00]} Qxd2 {[%emt 0:00:00]} 25. Rxd2 {[%emt 0:00:00]} Ne5 {[%emt 0:00:00]} 26. Kg2 {[%emt 0:00:00]} Ree8 {[%emt 0:00:00]} 27. Ra1 {[%emt 0:00:00]} b6 {[%emt 0:00:00]} 28. Rad1 {[%emt 0:00:00]} Nd7 {[%emt 0:00:00]} 29. Bb2 {[%emt 0:00:00]} Nc5 {[%emt 0:00:00]} 30. Nd4 {[%emt 0:00:00]} Rac8 {[%emt 0:00:00]} 31. c4 {[%emt 0:00:00]} g6 {[%emt 0:00:00]} 32. Ba3 {[%emt 0:00:00]} d5 {[%emt 0:00:00]} 33. exd5 {[%emt 0:03:05]} cxd5 {[%emt 0:00:00]} 34. cxd5 {[%emt 0:05:01]} Nxb3 {[%emt 0:00:00]} 35. Nxb3 {[%emt 0:00:04]} Bxa3 {[%emt 0:00:00]} 36. Nd4 {[%emt 0:00:44]} Bb4 {[%emt 0:01:25]} 37. Re2 {[%emt 0:00:29]} Rxe2+ {[%emt 0:00:51]} 38. Nxe2 {[%emt 0:00:05]} Rc2 {[%emt 0:00:24]} 39. Kf1 {[%emt 0:00:06]} Bd6 {[%emt 0:00:36]} 40. f4 {[%emt 0:02:13]} Kf8 {[%emt 0:01:11]} 41. Nd4 {[%emt 0:01:09]} Rc4 {[%emt 0:00:53]} 42. Nb5 {[%emt 0:00:12]} Ke7 {[%emt 0:00:43]} 43. Nxa7 {[%emt 0:00:09]} Rxa4 {[%emt 0:00:56]} 44. Nc8+ {[%emt 0:00:13]} 1-0

[Event "Torneo Benidorm Gran Hotel Bali 2022"]
[Site "Benidorm, Spain"]
[Date "2022.12.08"]
[Round "7.12"]
[White "Pallardo Lozoya, Jose Vicente"]
[Black "Rubio Tapia, Jose Juan"]
[Result "1-0"]
[WhiteElo "2367"]
[BlackElo "2079"]
[PlyCount "73"]
[EventDate "2022.12.03"]
[EventType "swiss"]
[EventRounds "9"]
[SourceTitle "Ajedrez en Madrid"]
[Source "lmi"]
[SourceDate "2022.12.03"]
[SourceVersion "1"]
[SourceVersionDate "2022.12.10"]
[SourceQuality "1"]
[TimeControl "90+30"]
[WhiteClock "0:03:35"]
[BlackClock "0:01:00"]

1. e4 {[%emt 0:00:00]} e5 {[%emt 0:00:00]} 2. d4 {[%emt 0:00:00]} exd4 {[%emt 0:00:00]} 3. Nf3 {[%emt 0:00:00]} Nf6 {[%emt 0:00:00]} 4. e5 {[%emt 0:00:00]} Ne4 {[%emt 0:00:00]} 5. Qxd4 {[%emt 0:00:00]} d5 {[%emt 0:00:00]} 6. exd6 {[%emt 0:00:00]} Nxd6 {[%emt 0:00:00]} 7. Nc3 {[%emt 0:00:00]} Nc6 {[%emt 0:00:00]} 8. Qf4 {[%emt 0:00:00]} Nf5 {[%emt 0:00:00]} 9. Bb5 {[%emt 0:00:00]} Bd6 {[%emt 0:00:00]} 10. Qe4+ {[%emt 0:00:00]} Nfe7 {[%emt 0:00:00]} 11. Bg5 {[%emt 0:00:00]} f6 {[%emt 0:00:00]} 12. Bh4 {[%emt 0:00:00]} O-O {[%emt 0:00:00]} 13. O-O-O {[%emt 0:00:00]} Kh8 {[%emt 0:00:00]} 14. Rhe1 {[%emt 0:00:00]} Bf5 {[%emt 0:00:00]} 15. Qe2 {[%emt 0:00:00]} Qe8 {[%emt 0:00:00]} 16. Bg3 {[%emt 0:00:00]} Bxg3 {[%emt 0:00:00]} 17. hxg3 {[%emt 0:00:00]} Rd8 {[%emt 0:00:00]} 18. Nh4 {[%emt 0:00:00]} Bc8 {[%emt 0:00:00]} 19. Rxd8 {[%emt 0:00:46]} Qxd8 {[%emt 0:00:00]} 20. Bxc6 {[%emt 0:00:13]} Nxc6 {[%emt 0:00:00]} 21. Ng6+ {[%emt 0:00:13]} hxg6 {[%emt 0:00:00]} 22. Qc4 {[%emt 0:00:05]} Bg4 {[%emt 0:00:52]} 23. Qxg4 {[%emt 0:00:02]} Ne5 {[%emt 0:03:46]} 24. Qe6 {[%emt 0:01:31]} Nf7 {[%emt 0:01:40]} 25. Rd1 {[%emt 0:03:18]} Qe8 {[%emt 0:00:56]} 26. Qxe8 {[%emt 0:00:29]} Rxe8 {[%emt 0:00:02]} 27. Rd7 {[%emt 0:00:07]} Nd6 {[%emt 0:01:58]} 28. Rxc7 {[%emt 0:00:18]} Re1+ {[%emt 0:00:43]} 29. Kd2 {[%emt 0:00:23]} Rg1 {[%emt 0:00:46]} 30. Ke2 {[%emt 0:04:13]} Rxg2 {[%emt 0:01:09]} 31. Rd7 {[%emt 0:01:21]} Nc4 {[%emt 0:02:14]} 32. Rxb7 {[%emt 0:00:20]} a5 {[%emt 0:00:46]} 33. Rb5 {[%emt 0:00:39]} Rh2 {[%emt 0:01:02]} 34. Nd1 {[%emt 0:00:33]} Kg8 {[%emt 0:01:54]} 35. Rc5 {[%emt 0:00:23]} Nd6 {[%emt 0:00:24]} 36. Rxa5 {[%emt 0:00:16]} Nf5 {[%emt 0:00:18]} 37. Ra3 {[%emt 0:01:15]} 1-0

[Event "Torneo Benidorm Gran Hotel Bali 2022"]
[Site "Benidorm, Spain"]
[Date "2022.12.08"]
[Round "7.13"]
[White "Yuste Valenzuela, Alejandro"]
[Black "Oswaldo Valentin, Requejo Cotrin"]
[Result "0-1"]
[WhiteElo "2089"]
[BlackElo "2248"]
[PlyCount "160"]
[EventDate "2022.12.03"]
[EventType "swiss"]
[EventRounds "9"]
[SourceTitle "Ajedrez en Madrid"]
[Source "lmi"]
[SourceDate "2022.12.03"]
[SourceVersion "1"]
[SourceVersionDate "2022.12.10"]
[SourceQuality "1"]
[TimeControl "90+30"]
[WhiteClock "0:06:53"]
[BlackClock "0:10:24"]

1. e4 {[%emt 0:00:00]} c5 {[%emt 0:00:00]} 2. Nf3 {[%emt 0:00:00]} d6 {[%emt 0:00:00]} 3. d4 {[%emt 0:00:00]} cxd4 {[%emt 0:00:00]} 4. Nxd4 {[%emt 0:00:00]} Nf6 {[%emt 0:00:00]} 5. Nc3 {[%emt 0:00:00]} g6 {[%emt 0:00:00]} 6. g3 {[%emt 0:00:00]} Nc6 {[%emt 0:00:00]} 7. Nde2 {[%emt 0:00:00]} Bg7 {[%emt 0:00:00]} 8. Bg2 {[%emt 0:00:00]} O-O {[%emt 0:00:00]} 9. O-O {[%emt 0:00:00]} Rb8 {[%emt 0:00:00]} 10. a4 {[%emt 0:00:00]} a6 {[%emt 0:00:00]} 11. h3 {[%emt 0:00:00]} b5 {[%emt 0:00:00]} 12. axb5 {[%emt 0:00:00]} axb5 {[%emt 0:00:00]} 13. Be3 {[%emt 0:00:00]} b4 {[%emt 0:00:00]} 14. Nd5 {[%emt 0:00:00]} Nd7 {[%emt 0:00:00]} 15. Nd4 {[%emt 0:00:00]} Nde5 {[%emt 0:00:00]} 16. f4 {[%emt 0:00:00]} Nxd4 {[%emt 0:00:00]} 17. Bxd4 {[%emt 0:00:00]} Nc6 {[%emt 0:00:00]} 18. Bxg7 {[%emt 0:00:00]} Kxg7 {[%emt 0:00:00]} 19. Kh2 {[%emt 0:00:00]} e6 {[%emt 0:00:00]} 20. Ne3 {[%emt 0:00:00]} Qb6 {[%emt 0:00:00]} 21. Nc4 {[%emt 0:00:00]} Qc5 {[%emt 0:00:00]} 22. Nxd6 {[%emt 0:00:00]} Nd4 {[%emt 0:00:00]} 23. e5 {[%emt 0:00:00]} Nxc2 {[%emt 0:00:00]} 24. Ne4 {[%emt 0:00:00]} Qc7 {[%emt 0:00:00]} 25. Rc1 {[%emt 0:00:00]} b3 {[%emt 0:00:00]} 26. Qd2 {[%emt 0:00:00]} Bb7 {[%emt 0:00:00]} 27. f5 {[%emt 0:00:00]} exf5 {[%emt 0:00:00]} 28. Rxf5 {[%emt 0:06:57]} Qd8 {[%emt 0:01:52]} 29. Rf2 {[%emt 0:02:29]} Qxd2 {[%emt 0:02:09]} 30. Rxd2 {[%emt 0:01:12]} Ne3 {[%emt 0:03:11]} 31. Bh1 {[%emt 0:00:25]} Rfc8 {[%emt 0:02:02]} 32. Nc5 {[%emt 0:05:46]} Rxc5 {[%emt 0:01:41]} 33. Rxc5 {[%emt 0:00:04]} Nf1+ {[%emt 0:00:06]} 34. Kg1 {[%emt 0:00:02]} Nxd2 {[%emt 0:00:42]} 35. Rb5 {[%emt 0:00:03]} Bxh1 {[%emt 0:01:38]} 36. Rxb8 {[%emt 0:00:02]} Be4 {[%emt 0:01:11]} 37. Kf2 {[%emt 0:00:26]} Bc2 {[%emt 0:00:50]} 38. Rc8 {[%emt 0:00:02]} Ne4+ {[%emt 0:00:22]} 39. Kg2 {[%emt 0:00:15]} Ng5 {[%emt 0:02:01]} 40. h4 {[%emt 0:00:20]} Ne6 {[%emt 0:00:11]} 41. Kf2 {[%emt 0:00:30]} h5 {[%emt 0:01:54]} 42. Ke3 {[%emt 0:00:49]} f6 {[%emt 0:00:32]} 43. exf6+ {[%emt 0:00:49]} Kxf6 {[%emt 0:00:05]} 44. Kf2 {[%emt 0:00:26]} Ke5 {[%emt 0:00:50]} 45. Ke3 {[%emt 0:00:15]} Kd5 {[%emt 0:00:25]} 46. Ra8 {[%emt 0:03:02]} Nc5 {[%emt 0:00:34]} 47. Ra7 {[%emt 0:00:34]} Ne4 {[%emt 0:00:51]} 48. Ra5+ {[%emt 0:00:14]} Ke6 {[%emt 0:00:12]} 49. Kf4 {[%emt 0:00:19]} Nf2 {[%emt 0:00:30]} 50. Ra6+ {[%emt 0:00:48]} Kd5 {[%emt 0:00:42]} 51. Kg5 {[%emt 0:00:37]} Nd1 {[%emt 0:00:20]} 52. g4 {[%emt 0:00:06]} hxg4 {[%emt 0:00:20]} 53. Kxg4 {[%emt 0:00:05]} Nxb2 {[%emt 0:00:09]} 54. Rb6 {[%emt 0:00:03]} Nc4 {[%emt 0:00:23]} 55. Rxb3 {[%emt 0:00:13]} Bxb3 {[%emt 0:00:20]} 56. Kg5 {[%emt 0:00:11]} Ne5 {[%emt 0:00:15]} 57. h5 {[%emt 0:00:04]} gxh5 {[%emt 0:00:04]} 58. Kxh5 {[%emt 0:00:06]} Bd1+ {[%emt 0:00:32]} 59. Kh6 {[%emt 0:00:40]} Ke6 {[%emt 0:00:06]} 60. Kg7 {[%emt 0:00:11]} Ke7 {[%emt 0:00:15]} 61. Kh8 {[%emt 0:01:08]} Kf6 {[%emt 0:00:26]} 62. Kh7 {[%emt 0:00:09]} Bc2+ {[%emt 0:00:08]} 63. Kg8 {[%emt 0:00:19]} Nf7 {[%emt 0:00:20]} 64. Kf8 {[%emt 0:00:18]} Bh7 {[%emt 0:00:05]} 65. Ke8 {[%emt 0:00:12]} Ne5 {[%emt 0:00:06]} 66. Kd8 {[%emt 0:00:19]} Be4 {[%emt 0:01:03]} 67. Kc7 {[%emt 0:00:17]} Nc4 {[%emt 0:00:14]} 68. Kd7 {[%emt 0:00:46]} Kf7 {[%emt 0:00:09]} 69. Kd8 {[%emt 0:00:20]} Bc6 {[%emt 0:00:07]} 70. Kc7 {[%emt 0:00:06]} Bb5 {[%emt 0:00:06]} 71. Kd8 {[%emt 0:00:23]} Kf8 {[%emt 0:00:08]} 72. Kc7 {[%emt 0:00:24]} Ke7 {[%emt 0:00:07]} 73. Kc8 {[%emt 0:00:04]} Ne3 {[%emt 0:00:05]} 74. Kc7 {[%emt 0:00:25]} Nd5+ {[%emt 0:00:08]} 75. Kc8 {[%emt 0:00:24]} Ba6+ {[%emt 0:00:07]} 76. Kb8 {[%emt 0:00:08]} Kd7 {[%emt 0:00:06]} 77. Ka7 {[%emt 0:00:23]} Bc8 {[%emt 0:00:06]} 78. Kb8 {[%emt 0:00:04]} Kd8 {[%emt 0:00:05]} 79. Ka8 {[%emt 0:00:19]} Kc7 {[%emt 0:00:07]} 80. Ka7 {[%emt 0:00:04]} Ne7 {[%emt 0:00:08]} 0-1

[Event "Torneo Benidorm Gran Hotel Bali 2022"]
[Site "Benidorm, Spain"]
[Date "2022.12.09"]
[Round "8.1"]
[White "Davtyan, David Arm."]
[Black "Mingarro Carceller, Sergi"]
[Result "1-0"]
[WhiteElo "2329"]
[BlackElo "2330"]
[PlyCount "79"]
[EventDate "2022.12.03"]
[EventType "swiss"]
[EventRounds "9"]
[SourceTitle "Ajedrez en Madrid"]
[Source "lmi"]
[SourceDate "2022.12.03"]
[SourceVersion "1"]
[SourceVersionDate "2022.12.10"]
[SourceQuality "1"]
[TimeControl "90+30"]
[WhiteClock "0:16:55"]
[BlackClock "0:01:46"]

1. c4 {[%emt 0:00:00]} e6 {[%emt 0:00:00]} 2. Nc3 {[%emt 0:00:00]} d5 {[%emt 0:00:00]} 3. d4 {[%emt 0:00:00]} c5 {[%emt 0:00:00]} 4. cxd5 {[%emt 0:00:00]} cxd4 {[%emt 0:00:00]} 5. Qxd4 {[%emt 0:00:00]} Nc6 {[%emt 0:00:00]} 6. Qd1 {[%emt 0:00:00]} exd5 {[%emt 0:00:00]} 7. Qxd5 {[%emt 0:00:00]} Bd6 {[%emt 0:00:00]} 8. Bg5 {[%emt 0:00:00]} Nge7 {[%emt 0:00:00]} 9. Qd2 {[%emt 0:00:00]} h6 {[%emt 0:00:00]} 10. O-O-O {[%emt 0:00:00]} hxg5 {[%emt 0:00:00]} 11. Qxd6 {[%emt 0:00:00]} Qa5 {[%emt 0:00:00]} 12. Nf3 {[%emt 0:00:00]} Be6 {[%emt 0:00:00]} 13. Qa3 {[%emt 0:00:00]} Qxa3 {[%emt 0:00:00]} 14. bxa3 {[%emt 0:00:00]} Rh5 {[%emt 0:00:00]} 15. e3 {[%emt 0:00:00]} g4 {[%emt 0:00:00]} 16. Nd2 {[%emt 0:00:00]} O-O-O {[%emt 0:00:00]} 17. Be2 {[%emt 0:00:00]} Rdh8 {[%emt 0:00:00]} 18. h3 {[%emt 0:00:00]} R5h6 {[%emt 0:00:00]} 19. Nde4 {[%emt 0:00:00]} gxh3 {[%emt 0:00:00]} 20. gxh3 {[%emt 0:00:00]} Bxh3 {[%emt 0:00:00]} 21. Nd6+ {[%emt 0:00:00]} Rxd6 {[%emt 0:00:00]} 22. Rxd6 {[%emt 0:00:00]} Kc7 {[%emt 0:00:00]} 23. Rdd1 {[%emt 0:00:00]} Rh6 {[%emt 0:00:00]} 24. e4 {[%emt 0:00:00]} Ne5 {[%emt 0:00:00]} 25. Nb5+ {[%emt 0:00:00]} Kb6 {[%emt 0:00:00]} 26. Rd6+ {[%emt 0:00:00]} Rxd6 {[%emt 0:00:00]} 27. Nxd6 {[%emt 0:00:00]} Be6 {[%emt 0:00:16]} 28. f4 {[%emt 0:00:00]} N5c6 {[%emt 0:00:22]} 29. f5 {[%emt 0:00:00]} Bxa2 {[%emt 0:01:04]} 30. Kb2 {[%emt 0:00:00]} Nd4 {[%emt 0:00:17]} 31. Bd3 {[%emt 0:00:00]} Kc6 {[%emt 0:00:49]} 32. Ne8 {[%emt 0:00:00]} Bb3 {[%emt 0:00:21]} 33. Kc3 {[%emt 0:00:00]} Kc5 {[%emt 0:01:37]} 34. Nxg7 {[%emt 0:00:00]} Nec6 {[%emt 0:01:09]} 35. Nh5 {[%emt 0:00:00]} Ne5 {[%emt 0:02:15]} 36. Nf4 {[%emt 0:00:00]} Ba4 {[%emt 0:01:05]} 37. Bc4 {[%emt 0:00:50]} b5 {[%emt 0:05:25]} 38. Bxf7 {[%emt 0:00:33]} Ndf3 {[%emt 0:02:37]} 39. Rh6 {[%emt 0:02:51]} Nc6 {[%emt 0:01:57]} 40. Nd3+ {[%emt 0:00:21]} 1-0